| 000 | 00708nam a2200205 i 4500 | ||
|---|---|---|---|
| 001 | 184439 | ||
| 003 | ES-MaACL | ||
| 005 | 20240228183012.0 | ||
| 008 | 150827s1986 sp |||| | spa d | ||
| 020 | _a84-206-9532-7 | ||
| 080 | _a946.0"1936/39" | ||
| 245 | 0 | 0 |
_aRevolución y guerra en España _b: 1931-1939 / [recopilado por] Paul Preston ; versión española de Ángel García de Paredes. |
| 260 |
_aMadrid : _bAlianza Editorial, _cD.L. 1986. |
||
| 300 |
_a234 p. ; _c22 cm. |
||
| 651 | 4 |
_aEspaña- _xHistoria- _y1936-1939, Guerra civil. _98292 |
|
| 700 | 0 |
_aPreston, Paul, _d1946- _993797 |
|
| 700 | 1 |
_aGarcía de Paredes, Ángel. _9157323 |
|
| 852 |
_aES-MaACL _jG-10846 |
||
| 999 |
_c184439 _d184439 |
||